[Event "XXVII C.to Italiano a squadre A1"]
[Site "ITA"]
[Date "1995.??.??"]
[Round "?"]
[White "Lostuzzi, Manlio"]
[Black "Malloni, Marcello"]
[Result "0-1"]
[WhiteElo "2325"]
[BlackElo "2195"]
[PlyCount "122"]
[EventDate "1995.01.25"]

1. c4 Nf6 2. Nc3 c5 3. e4 Nc6 4. g4 h6 5. h3 e6 6. Bg2 d5 7. exd5 exd5 8. Nxd5
Be6 9. Nf4 Bxc4 10. Qa4 Bd5 11. Nxd5 Nxd5 12. Qe4+ Qe7 13. Qxe7+ Ndxe7 14. b3
O-O-O 15. Bb2 Nd4 16. Bxd4 cxd4 17. Ne2 g6 18. Rc1+ Kb8 19. Nf4 Bg7 20. Nd3
Rhe8 21. Kd1 Nc8 22. Re1 Rxe1+ 23. Kxe1 Bf8 24. Kd1 Nb6 25. Ne5 Ba3 26. Rb1 a5
27. Kc2 g5 28. Kd3 Nd7 29. Nxf7 Rf8 30. Bd5 Rxf7 31. Bxf7 Ne5+ 32. Kxd4 Nxf7
33. Re1 Kc7 34. Re6 Kd7 35. Kd5 Bd6 36. d4 Bc7 37. Re2 Bd6 38. Ke4 Bb4 39. Kf5
Bc3 40. Kg6 Nd6 41. d5 Nb5 42. Kxh6 Bf6 43. f4 gxf4 44. g5 Bd4 45. g6 f3 46.
Re1 f2 47. Rf1 Nd6 48. h4 Ke7 49. h5 Kf8 50. Kh7 Ne4 51. Rxf2+ Nxf2 52. h6 Ng4
53. g7+ Ke7 54. Kg6 Nxh6 55. d6+ Kxd6 56. Kxh6 Bxg7+ 57. Kxg7 Kc5 58. Kf6 Kb4
59. Ke5 Ka3 60. Kd4 b5 61. Kc5 b4 0-1

[Event "XXVII C.to Italiano a squadre A1"]
[Site "ITA"]
[Date "1995.??.??"]
[Round "?"]
[White "Lostuzzi, Manlio"]
[Black "Vezzosi, Paolo"]
[Result "1-0"]
[WhiteElo "2325"]
[BlackElo "2305"]
[PlyCount "43"]
[EventDate "1995.01.25"]

1. c4 Nf6 2. Nc3 c5 3. e4 Nc6 4. g4 h6 5. h3 e6 6. Bg2 a6 7. Nge2 Qc7 8. O-O d6
9. f4 Be7 10. d3 Rb8 11. Ng3 Nd4 12. Nce2 Nd7 13. Nxd4 cxd4 14. b3 Bh4 15. Qf3
Nf6 16. e5 dxe5 17. fxe5 Nh7 18. Ba3 Ng5 19. Qf4 Ra8 20. Bd6 Bxg3 21. Qxg3 Qd7
22. Rf2 1-0

[Event "XXVII C.to Italiano a squadre A1"]
[Site "ITA"]
[Date "1995.??.??"]
[Round "?"]
[White "Lucaroni, Massimiliano"]
[Black "Godena, Michele"]
[Result "1/2-1/2"]
[WhiteElo "2280"]
[BlackElo "2430"]
[PlyCount "48"]
[EventDate "1995.01.25"]

1. e4 e5 2. Bc4 Nf6 3. Nc3 Bb4 4. Nf3 d6 5. O-O Nc6 6. Nd5 Ba5 7. d3 h6 8. c3
Nd7 9. h3 Ne7 10. Ne3 Nf6 11. d4 exd4 12. Nxd4 O-O 13. Qd3 Ng6 14. f4 Bb6 15.
Kh2 c6 16. Bb3 Re8 17. e5 Nxf4 18. Rxf4 dxe5 19. Qg6 exd4 20. Bxf7+ Kh8 21.
Bxe8 dxe3 22. Bf7 Bc7 23. Bxe3 Nd5 24. Bxd5 Qxd5 1/2-1/2

[Event "XXVII C.to Italiano a squadre A1"]
[Site "ITA"]
[Date "1995.??.??"]
[Round "?"]
[White "Lucaroni, Massimiliano"]
[Black "Vezzosi, Paolo"]
[Result "1/2-1/2"]
[WhiteElo "2280"]
[BlackElo "2305"]
[PlyCount "32"]
[EventDate "1995.01.25"]

1. e4 e5 2. Bc4 Nf6 3. d3 c6 4. Bb3 Bc5 5. Nf3 d6 6. Nc3 O-O 7. O-O Nbd7 8. Ne2
Bb6 9. c3 Nc5 10. Bc2 Bg4 11. Ng3 Nh5 12. d4 exd4 13. cxd4 Ne6 14. Nf5 d5 15.
e5 Bxf5 16. Bxf5 g6 1/2-1/2

[Event "XXVII C.to Italiano a squadre A1"]
[Site "ITA"]
[Date "1995.??.??"]
[Round "?"]
[White "Malloni, Marcello"]
[Black "Tatai, Stefano"]
[Result "0-1"]
[WhiteElo "2195"]
[BlackElo "2430"]
[PlyCount "55"]
[EventDate "1995.01.25"]

1. e4 c5 2. c3 g6 3. d4 cxd4 4. cxd4 d5 5. exd5 Nf6 6. Nc3 Nxd5 7. Nf3 Bg7 8.
Bc4 Nb6 9. Bb3 O-O 10. O-O Bg4 11. d5 N8d7 12. h3 Bxf3 13. Qxf3 Nc5 14. Rd1
Nxb3 15. axb3 Nc8 16. Bf4 Nd6 17. Ne4 Re8 18. Rac1 Bxb2 19. Rc2 Bg7 20. Nxd6
exd6 21. Rdc1 Re7 22. Bg5 f6 23. Be3 Qd7 24. Rc4 f5 25. Bg5 Rf7 26. Qg3 Be5 27.
Qd3 Re8 28. f3 0-1

[Event "XXVII C.to Italiano a squadre A1"]
[Site "ITA"]
[Date "1995.??.??"]
[Round "?"]
[White "Malloni, Marcello"]
[Black "Verrascina, Roberto"]
[Result "0-1"]
[WhiteElo "2195"]
[BlackElo "2225"]
[PlyCount "61"]
[EventDate "1995.01.25"]

1. d4 g6 2. e4 Bg7 3. Nf3 d6 4. Bc4 Nf6 5. Qe2 O-O 6. e5 dxe5 7. dxe5 Nd5 8. h3
c6 9. O-O b5 10. Bb3 e6 11. Re1 Nd7 12. Bg5 Qc7 13. Nbd2 b4 14. a3 a5 15. axb4
Ba6 16. c4 Nxb4 17. Qe3 Rfe8 18. Kh1 Nxe5 19. Bf4 f6 20. Ne4 Rad8 21. Nxf6+
Bxf6 22. Nxe5 Bxe5 23. Bxe5 Qf7 24. Red1 c5 25. Rxa5 Rxd1+ 26. Bxd1 Bxc4 27.
Rxc5 Nd3 28. Rxc4 Nxf2+ 29. Kh2 Nxd1 30. Qe2 Rd8 31. Rc7 0-1

[Event "XXVII C.to Italiano a squadre A1"]
[Site "ITA"]
[Date "1995.??.??"]
[Round "?"]
[White "Manca, Federico"]
[Black "D'Amore, Carlo"]
[Result "0-1"]
[WhiteElo "2390"]
[BlackElo "2440"]
[PlyCount "37"]
[EventDate "1995.01.25"]

1. e4 g6 2. d4 Bg7 3. Nc3 d6 4. Be3 c6 5. Qd2 Nd7 6. Nf3 b5 7. Bd3 a6 8. O-O
Nb6 9. h3 Qc7 10. Ne2 e5 11. c3 c5 12. b4 exd4 13. cxd4 c4 14. Bc2 d5 15. e5
Ne7 16. Bf4 Qc6 17. Bh6 O-O 18. Bxg7 Kxg7 19. Qf4 0-1

[Event "XXVII C.to Italiano a squadre A1"]
[Site "ITA"]
[Date "1995.??.??"]
[Round "?"]
[White "Manca, Federico"]
[Black "Ortega, Lexy"]
[Result "1-0"]
[WhiteElo "2390"]
[BlackElo "2435"]
[PlyCount "105"]
[EventDate "1995.01.25"]

1. e4 c5 2. c3 d5 3. exd5 Qxd5 4. d4 e5 5. Nf3 cxd4 6. cxd4 Nc6 7. Nc3 Bb4 8.
Bd2 Bxc3 9. Bxc3 e4 10. Ne5 Nxe5 11. dxe5 Ne7 12. Qe2 Nf5 13. Qb5+ Qxb5 14.
Bxb5+ Bd7 15. Bxd7+ Kxd7 16. O-O-O+ Ke6 17. g4 Nh4 18. Rhe1 Rad8 19. Rxe4 Rxd1+
20. Kxd1 h5 21. h3 Nf3 22. Re3 hxg4 23. hxg4 Rd8+ 24. Ke2 Nd4+ 25. Kf1 Nb5 26.
f4 g6 27. Ke2 Nxc3+ 28. bxc3 Rh8 29. Kf3 Rc8 30. Kg3 Rc4 31. Rf3 Ra4 32. Rf2
Rc4 33. Kh4 Rxc3 34. Kg5 b5 35. Rd2 Rc6 36. Rd8 Ke7 37. Rb8 a6 38. Rb7+ Kf8 39.
Kh6 Rc2 40. Rb8+ Ke7 41. Kg7 Rxa2 42. Rb7+ Ke6 43. Rxf7 g5 44. Rf6+ Kd5 45. e6
Re2 46. f5 b4 47. Kf8 b3 48. e7 Kc5 49. Re6 Rxe6 50. fxe6 b2 51. e8=Q b1=Q 52.
e7 Qb4 53. Qf7 1-0

[Event "XXVII C.to Italiano a squadre A1"]
[Site "ITA"]
[Date "1995.??.??"]
[Round "?"]
[White "Marinelli, Tullio"]
[Black "Bednarich, Jan"]
[Result "0-1"]
[WhiteElo "2425"]
[BlackElo "1935"]
[PlyCount "72"]
[EventDate "1995.01.25"]

1. d4 Nf6 2. c4 c5 3. d5 e6 4. Nc3 exd5 5. cxd5 d6 6. e4 g6 7. Bd3 Bg7 8. Nge2
O-O 9. O-O b6 10. h3 Ba6 11. a4 Bxd3 12. Qxd3 Qe7 13. Bg5 h6 14. Bh4 Nbd7 15.
f4 Rac8 16. Rae1 Rfe8 17. Qc2 a6 18. Ng3 Qd8 19. Nh1 c4 20. Nf2 Qc7 21. g4 Qc5
22. Kh2 b5 23. axb5 axb5 24. Bg3 b4 25. Ncd1 Rb8 26. e5 dxe5 27. fxe5 Nxd5 28.
e6 fxe6 29. Qxg6 Nf8 30. Qh5 c3 31. Ne4 Qe7 32. bxc3 bxc3 33. Bxb8 Rxb8 34. Ng3
Qc7 35. Nf2 Rb2 36. Rxe6 Nf4 0-1

[Event "XXVII C.to Italiano a squadre A1"]
[Site "ITA"]
[Date "1995.??.??"]
[Round "?"]
[White "Marinelli, Tullio"]
[Black "Sciortino, Massimo"]
[Result "1-0"]
[WhiteElo "2425"]
[BlackElo "1915"]
[PlyCount "79"]
[EventDate "1995.01.25"]

1. d4 d6 2. c4 f5 3. g3 Nf6 4. Bg2 g6 5. Nf3 Bg7 6. O-O O-O 7. Nc3 Nc6 8. d5
Ne5 9. Nxe5 dxe5 10. e4 f4 11. h3 g5 12. g4 a6 13. a3 Qe8 14. b4 h5 15. f3 Qg6
16. Rf2 Kf7 17. c5 Rh8 18. d6 exd6 19. cxd6 c6 20. Na4 Be6 21. Nc5 b6 22. Nxe6
Kxe6 23. Bb2 Nd7 24. Rc1 Rhc8 25. Rxc6 Rxc6 26. Qd5+ Kf6 27. Qxc6 Qe8 28. Rc2
hxg4 29. hxg4 Bf8 30. Bf1 b5 31. Qd5 Nb6 32. d7 Nxd7 33. Rc6+ Kg7 34. Rc7 Rd8
35. Bxe5+ Kh7 36. Bf6 Be7 37. Qf5+ Kg8 38. Qxg5+ Kf7 39. Qg7+ Ke6 40. Bxe7 1-0

[Event "XXVII C.to Italiano a squadre A1"]
[Site "ITA"]
[Date "1995.??.??"]
[Round "?"]
[White "Marinelli, Tullio"]
[Black "Tassi, Oliviero"]
[Result "1/2-1/2"]
[WhiteElo "2425"]
[BlackElo "2305"]
[PlyCount "54"]
[EventDate "1995.01.25"]

1. d4 Nf6 2. c4 c5 3. d5 b5 4. cxb5 a6 5. bxa6 Bxa6 6. g3 d6 7. Bg2 g6 8. Nh3
Bg7 9. O-O O-O 10. Nf4 Nbd7 11. h4 Ra7 12. Qc2 Nb6 13. Nc3 Qa8 14. h5 Rb8 15.
hxg6 hxg6 16. Rd1 Bc4 17. b3 Bxb3 18. Qxb3 Na4 19. Nxa4 Rxb3 20. axb3 Qb8 21.
Ra3 Ne8 22. Bf1 Rb7 23. Rd3 Nc7 24. e3 Nb5 25. Ra2 Nc7 26. Ra3 Nb5 27. Ra2 Nc7
1/2-1/2

[Event "XXVII C.to Italiano a squadre A1"]
[Site "ITA"]
[Date "1995.??.??"]
[Round "?"]
[White "Mariotti, Sergio"]
[Black "Godena, Michele"]
[Result "1-0"]
[WhiteElo "2435"]
[BlackElo "2430"]
[PlyCount "69"]
[EventDate "1995.01.25"]

1. Nf3 Nf6 2. c4 e6 3. d4 c5 4. d5 exd5 5. cxd5 d6 6. Nc3 g6 7. g3 Bg7 8. Bg2
O-O 9. O-O Re8 10. Nd2 a6 11. a4 Nbd7 12. h3 Rb8 13. Nc4 Nb6 14. Na3 Bd7 15. e4
Qc7 16. a5 Nc8 17. Nc4 Bb5 18. Qb3 Na7 19. Bf4 Bxc4 20. Qxc4 Nd7 21. Rfc1 Ne5
22. Qe2 c4 23. Nd1 Rec8 24. Ne3 Nd3 25. Qxd3 cxd3 26. Rxc7 Rxc7 27. Bxd6 Rbc8
28. Bxc7 Rxc7 29. Rd1 Bxb2 30. Rxd3 Nb5 31. d6 Rd7 32. f4 Bf6 33. e5 Bd8 34.
Bxb7 Bxa5 35. Bxa6 1-0

[Event "XXVII C.to Italiano a squadre A1"]
[Site "ITA"]
[Date "1995.??.??"]
[Round "?"]
[White "Mariotti, Sergio"]
[Black "Kovacevic, Vladimir"]
[Result "0-1"]
[WhiteElo "2435"]
[BlackElo "2265"]
[PlyCount "158"]
[EventDate "1995.01.25"]

1. d4 Nf6 2. Nf3 d5 3. e3 Bf5 4. Bd3 e6 5. Bxf5 exf5 6. c4 dxc4 7. Qa4+ c6 8.
Qxc4 Bd6 9. Nbd2 Nbd7 10. Qc2 g6 11. Nc4 Bc7 12. b3 O-O 13. O-O Re8 14. Rd1 Nd5
15. Bb2 Re6 16. Nce5 f6 17. Nd3 Qf8 18. Nc5 Nxc5 19. dxc5 Rae8 20. Rd4 Qe7 21.
g3 Re4 22. Rad1 Qe6 23. a3 g5 24. b4 a6 25. Qb3 Kf7 26. a4 f4 27. exf4 gxf4 28.
Rxe4 Qxe4 29. b5 fxg3 30. hxg3 axb5 31. axb5 Rg8 32. Rd4 Qf5 33. Kg2 Qe6 34.
Qd3 Nf4+ 35. Rxf4 Bxf4 36. Qxh7+ Rg7 37. Qh5+ Kg8 38. Nd4 Qe4+ 39. Qf3 Qxf3+
40. Kxf3 Be5 41. bxc6 bxc6 42. Ke4 Kf7 43. Bc1 Bxd4 44. Kxd4 Ke6 45. Bf4 Ra7
46. Bd6 Ra4+ 47. Ke3 Kd5 48. f3 Ra3+ 49. Kf4 Rc3 50. g4 Ke6 51. Kg3 Kf7 52. Kf4
Kg6 53. Ke4 Kg5 54. Be7 Rc1 55. Bd6 Re1+ 56. Kd3 Kh4 57. Kd2 Re8 58. Kd3 Kh3
59. Kd4 Re1 60. Kd3 Kg2 61. f4 Kf3 62. g5 fxg5 63. fxg5 Rd1+ 64. Kc2 Rd5 65.
Be7 Re5 66. Bf6 Rxc5+ 67. Kd3 Rf5 68. Be7 Rf4 69. Bd6 Rg4 70. Be7 Kf4 71. Kd4
Kf5+ 72. Kc5 Ke6 73. Bd8 Kd7 74. Bf6 Rf4 75. Kb6 Kd6 76. Bc3 Rg4 77. Bd2 c5 78.
Kb5 Kd5 79. Kb6 c4 0-1

[Event "XXVII C.to Italiano a squadre A1"]
[Site "ITA"]
[Date "1995.??.??"]
[Round "?"]
[White "Mariotti, Sergio"]
[Black "Vezzosi, Paolo"]
[Result "1-0"]
[WhiteElo "2435"]
[BlackElo "2305"]
[PlyCount "49"]
[EventDate "1995.01.25"]

1. e4 c5 2. Nf3 e6 3. d4 cxd4 4. Nxd4 Nf6 5. Nc3 d6 6. g4 a6 7. g5 Nfd7 8. Be3
Nc6 9. Be2 Qc7 10. Qd2 b5 11. O-O-O Nb6 12. Bxb5 axb5 13. Ndxb5 Qb8 14. Nxd6+
Bxd6 15. Qxd6 Qb7 16. Nb5 Nd7 17. Nc7+ Kd8 18. Nxa8 Qxa8 19. Rd3 Qb7 20. Rb3
Qa8 21. Rd1 Ke8 22. Rc3 Ndb8 23. Ra3 Na6 24. b4 Qb7 25. c4 1-0

[Event "XXVII C.to Italiano a squadre A1"]
[Site "ITA"]
[Date "1995.??.??"]
[Round "?"]
[White "Martorelli, Antonio"]
[Black "Tassi, Oliviero"]
[Result "0-1"]
[WhiteElo "2255"]
[BlackElo "2305"]
[PlyCount "138"]
[EventDate "1995.01.25"]

1. e4 c5 2. Nf3 e6 3. d4 cxd4 4. Nxd4 Nf6 5. Nc3 d6 6. Bc4 a6 7. Bb3 Bd7 8. Be3
Nc6 9. Qe2 Be7 10. O-O-O Qa5 11. f4 Nxd4 12. Rxd4 Rc8 13. f5 Qe5 14. Rf1 Rxc3
15. bxc3 Nxe4 16. fxe6 Bxe6 17. Bxe6 Qxe6 18. Qc4 d5 19. Rxe4 dxc4 20. Rxe6
fxe6 21. Bd4 Rf8 22. Re1 Kd7 23. Kb2 g6 24. Re4 Rf5 25. Be3 b5 26. g4 Rf3 27.
Bd4 Rf1 28. Be5 Bg5 29. a4 Rd1 30. axb5 axb5 31. Bd4 Be7 32. Rf4 Ke8 33. Rf3
Rd2 34. Rh3 Rg2 35. Rxh7 Rxg4 36. Rh8+ Kf7 37. Rh3 Ke8 38. Rh8+ Kd7 39. Ra8 Bd6
40. Ra5 Rg5 41. Ra7+ Ke8 42. h4 Rg4 43. Bf6 e5 44. Bg5 e4 45. Rg7 Bg3 46. Rxg6
Bxh4 47. Re6+ Kd7 48. Re7+ Kd6 49. Bxh4 Rxh4 50. Re8 Kd5 51. Kc1 Rh2 52. Kd1
Rg2 53. Re7 b4 54. Rd7+ Ke6 55. Rd4 b3 56. cxb3 cxb3 57. Rxe4+ Kf5 58. Rb4 b2
59. c4 Ke4 60. c5+ Kd3 61. Rb3+ Kc4 62. Rb7 Kxc5 63. Rb8 Kc4 64. Rb7 Kc3 65.
Rc7+ Kb3 66. Rb7+ Ka2 67. Ra7+ Kb1 68. Ra8 Rg5 69. Rd8 Ra5 0-1

[Event "XXVII C.to Italiano a squadre A1"]
[Site "ITA"]
[Date "1995.??.??"]
[Round "?"]
[White "Micheli, Carlo"]
[Black "Martorelli, Antonio"]
[Result "0-1"]
[WhiteElo "2295"]
[BlackElo "2255"]
[PlyCount "30"]
[EventDate "1995.01.25"]

1. e4 c5 2. Nf3 e6 3. c4 Nc6 4. Nc3 Nf6 5. d4 cxd4 6. Nxd4 Bb4 7. f3 O-O 8. Qd3
d5 9. Nxc6 bxc6 10. cxd5 exd5 11. Bd2 Qa5 12. exd5 Re8+ 13. Kd1 Rd8 14. Qc2
Nxd5 15. Kc1 Nxc3 0-1

[Event "XXVII C.to Italiano a squadre A1"]
[Site "ITA"]
[Date "1995.??.??"]
[Round "?"]
[White "Micheli, Carlo"]
[Black "Rigatti, Giorgio"]
[Result "1-0"]
[WhiteElo "2295"]
[BlackElo "1848"]
[PlyCount "51"]
[EventDate "1995.01.25"]

1. e4 c5 2. Nf3 d6 3. c3 Nf6 4. Be2 Nc6 5. d4 cxd4 6. cxd4 d5 7. e5 Ng8 8. Nc3
e6 9. Bg5 Nge7 10. Nb5 Qb6 11. Nd6+ Kd7 12. Nxf7 Rg8 13. Qd3 Nf5 14. O-O-O h6
15. g4 hxg5 16. gxf5 Kc7 17. N3xg5 Bd7 18. Kb1 Rc8 19. Nd6 Be7 20. Nxc8 Rxc8
21. Nxe6+ Kb8 22. Qb5 Bxe6 23. fxe6 Qd8 24. Bf3 Qe8 25. Qxd5 Qg6+ 26. Qe4 1-0

[Event "XXVII C.to Italiano a squadre A1"]
[Site "ITA"]
[Date "1995.??.??"]
[Round "?"]
[White "Ortega, Lexy"]
[Black "Verrascina, Roberto"]
[Result "1-0"]
[WhiteElo "2435"]
[BlackElo "2225"]
[PlyCount "81"]
[EventDate "1995.01.25"]

1. d4 g6 2. Nf3 Bg7 3. e4 d6 4. Nc3 Nf6 5. Be3 O-O 6. h3 c6 7. a4 Qc7 8. a5 e5
9. dxe5 dxe5 10. Bc4 Nbd7 11. O-O b5 12. axb6 Nxb6 13. Qe2 Nh5 14. Bb3 Nf4 15.
Bxf4 exf4 16. e5 Be6 17. Bxe6 fxe6 18. Rfe1 Nd5 19. Ne4 Rab8 20. c3 Qb6 21. b4
Nc7 22. Nc5 Rbd8 23. Qa2 Rfe8 24. Qc4 Rd5 25. Qxf4 Rf8 26. Qe3 Rf5 27. c4 Rdxe5
28. Nxe5 Bxe5 29. g4 Bf4 30. Qd4 Rf7 31. Qd8+ Kg7 32. Nxe6+ Nxe6 33. Qxb6 axb6
34. Rxe6 Bd2 35. Rb1 Rf6 36. Rxf6 Kxf6 37. b5 c5 38. Rd1 Ba5 39. f4 Ke6 40. Kg2
Ke7 41. Kf3 1-0

[Event "XXVII C.to Italiano a squadre A1"]
[Site "ITA"]
[Date "1995.??.??"]
[Round "?"]
[White "Reggiani, Mauro"]
[Black "Micheli, Carlo"]
[Result "0-1"]
[WhiteElo "2170"]
[BlackElo "2295"]
[PlyCount "84"]
[EventDate "1995.01.25"]

1. e4 c6 2. d4 g6 3. Nc3 Bg7 4. Nf3 d5 5. h3 Nf6 6. Bd3 dxe4 7. Nxe4 Nxe4 8.
Bxe4 Nd7 9. O-O Nf6 10. Bd3 Qc7 11. Re1 O-O 12. Qe2 e6 13. c3 b6 14. Ne5 Bb7
15. Bf4 Nd5 16. Bg3 Qe7 17. Be4 Rac8 18. Qf3 Rfd8 19. Bh4 f6 20. Ng4 g5 21. Bg3
Qf7 22. Re2 c5 23. c4 f5 24. cxd5 fxe4 25. Qxf7+ Kxf7 26. dxe6+ Kxe6 27. dxc5
h5 28. Ne3 Rxc5 29. Rae1 Ba6 30. Rc2 Bd3 31. Rxc5 bxc5 32. f3 Bxb2 33. fxe4 c4
34. Nd1 Be5 35. Bxe5 Kxe5 36. Nc3 Rb8 37. Kf2 Rb2+ 38. Kg1 Kd4 39. Nd1 Rxa2 40.
e5 c3 41. e6 Bg6 42. e7 Ra1 0-1

[Event "XXVII C.to Italiano a squadre A1"]
[Site "ITA"]
[Date "1995.??.??"]
[Round "?"]
[White "Rigatti, Giorgio"]
[Black "Martorelli, Antonio"]
[Result "0-1"]
[WhiteElo "1848"]
[BlackElo "2255"]
[PlyCount "24"]
[EventDate "1995.01.25"]

1. e4 c5 2. Nf3 e6 3. d4 cxd4 4. Nxd4 a6 5. Nc3 Qc7 6. g3 Nf6 7. Bg2 Be7 8. O-O
O-O 9. g4 Nc6 10. g5 Nxd4 11. Qxd4 Ng4 12. Qd1 Qxh2# 0-1

[Event "XXVII C.to Italiano a squadre A1"]
[Site "ITA"]
[Date "1995.??.??"]
[Round "?"]
[White "Rossi, Carlo"]
[Black "Satta, Vladimiro"]
[Result "0-1"]
[WhiteElo "2330"]
[BlackElo "2295"]
[PlyCount "46"]
[EventDate "1995.01.25"]

1. e4 e6 2. Nf3 d5 3. e5 c5 4. b4 cxb4 5. a3 bxa3 6. d4 Nc6 7. c3 Bd7 8. Bd3 a6
9. O-O Rc8 10. Ng5 Be7 11. f4 g6 12. Bxa3 Bxa3 13. Nxa3 Nge7 14. Qe1 h6 15. Qh4
Kf8 16. Rae1 Ng8 17. Qh3 Kg7 18. Nxf7 Kxf7 19. Bxg6+ Kxg6 20. f5+ exf5 21. e6
Nge7 22. g4 Rf8 23. Qh5+ Kg7 0-1

[Event "XXVII C.to Italiano a squadre A1"]
[Site "ITA"]
[Date "1995.??.??"]
[Round "?"]
[White "Rossi, Carlo"]
[Black "Steinfl, Alessandro"]
[Result "0-1"]
[WhiteElo "2330"]
[BlackElo "2270"]
[PlyCount "36"]
[EventDate "1995.01.25"]

1. e4 c5 2. Nf3 Nc6 3. Bb5 g6 4. O-O Bg7 5. Re1 Nf6 6. c3 O-O 7. d4 cxd4 8.
cxd4 d5 9. e5 Ne4 10. Bxc6 bxc6 11. Nc3 Nxc3 12. bxc3 Qa5 13. a4 Bg4 14. Bg5
Qxc3 15. Bxe7 Bxf3 16. gxf3 Rfe8 17. Rc1 Qa5 18. Bd6 f6 0-1

[Event "XXVII C.to Italiano a squadre A1"]
[Site "ITA"]
[Date "1995.??.??"]
[Round "?"]
[White "Satta, Vladimiro"]
[Black "Tassi, Oliviero"]
[Result "1-0"]
[WhiteElo "2295"]
[BlackElo "2305"]
[PlyCount "69"]
[EventDate "1995.01.25"]

1. e4 c5 2. c3 d6 3. d4 Nf6 4. dxc5 Nc6 5. f3 d5 6. Bg5 dxe4 7. Qxd8+ Kxd8 8.
Nd2 e3 9. Bxe3 Nd5 10. Bf2 g6 11. Ne4 Ke8 12. Bc4 Nf4 13. g3 Be6 14. Bb5 Nd5
15. Ne2 Nc7 16. Ba4 Bh6 17. Nd4 Bd7 18. Rd1 f5 19. Nd2 Ne5 20. Bxd7+ Kxd7 21.
O-O Ke8 22. f4 Ng4 23. Nc4 Bg7 24. Rfe1 Kf7 25. Nf3 Nxf2 26. Kxf2 Bf6 27. Rd7
Na6 28. Nd6+ Kg7 29. Nxb7 Rhc8 30. b4 Kg8 31. Ne5 Nb8 32. Rd8+ Rxd8 33. Nxd8
Bxe5 34. fxe5 a5 35. b5 1-0

[Event "XXVII C.to Italiano a squadre A1"]
[Site "ITA"]
[Date "1995.??.??"]
[Round "?"]
[White "Sciortino, Massimo"]
[Black "Gervasi, Giancarlo"]
[Result "1/2-1/2"]
[WhiteElo "1915"]
[BlackElo "2325"]
[PlyCount "26"]
[EventDate "1995.01.25"]

1. e4 Nf6 2. e5 Nd5 3. c4 Nb6 4. c5 Nd5 5. Nc3 c6 6. Bc4 d6 7. Qb3 dxe5 8. Nxd5
cxd5 9. Bxd5 e6 10. Bxb7 Bxb7 11. Qxb7 Qd5 12. Qc8+ Qd8 13. Qb7 Qd5 1/2-1/2

[Event "XXVII C.to Italiano a squadre A1"]
[Site "ITA"]
[Date "1995.??.??"]
[Round "?"]
[White "Stavru, Alessandro"]
[Black "Luciani, Carlo"]
[Result "1-0"]
[WhiteElo "2230"]
[BlackElo "2275"]
[PlyCount "89"]
[EventDate "1995.01.25"]

1. e4 e5 2. Bc4 Nc6 3. d3 Bc5 4. Nc3 Nf6 5. f4 d6 6. Nf3 Na5 7. fxe5 dxe5 8.
Bb3 c6 9. Bg5 h6 10. Bh4 Qe7 11. Qd2 Nxb3 12. axb3 b5 13. Rf1 Qd6 14. Bxf6 Qxf6
15. Nd4 Qd6 16. Nf5 Bxf5 17. Rxf5 O-O 18. Ne2 g6 19. Rf3 Kg7 20. g4 Qe7 21.
O-O-O Rad8 22. Rdf1 a5 23. Rf6 Bb4 24. c3 Rd6 25. R6f3 Bc5 26. Kc2 a4 27. b4
Bb6 28. Ng3 Qe6 29. Kb1 Bd8 30. Qf2 Qd7 31. Kc2 Bg5 32. h4 Bf4 33. Ne2 g5 34.
Ng3 Bxg3 35. Qxg3 f6 36. Rf5 Qf7 37. hxg5 Qb3+ 38. Kb1 hxg5 39. Qf2 Qf7 40. Qc5
Qe6 41. d4 exd4 42. e5 Rd5 43. Rxg5+ fxg5 44. Qxf8+ Kg6 45. Rf6+ 1-0

[Event "XXVII C.to Italiano a squadre A1"]
[Site "ITA"]
[Date "1995.??.??"]
[Round "?"]
[White "Sulava, Nenad"]
[Black "Tatai, Stefano"]
[Result "1-0"]
[WhiteElo "2420"]
[BlackElo "2430"]
[PlyCount "57"]
[EventDate "1995.01.25"]

1. d4 Nf6 2. c4 e6 3. Nf3 d5 4. Nc3 Nbd7 5. Bg5 Bb4 6. cxd5 exd5 7. Qc2 c5 8.
dxc5 Qa5 9. Bd2 Nxc5 10. a3 Ne6 11. e3 O-O 12. Bd3 g6 13. axb4 Qxa1+ 14. Bc1 a5
15. b5 Nc5 16. O-O Nxd3 17. Qxd3 Bf5 18. Qd4 Ne4 19. Nxd5 Rfd8 20. g4 Be6 21.
Ne7+ Kf8 22. Qxe4 Kxe7 23. Qxb7+ Kf8 24. e4 Qa4 25. h3 Qb4 26. Bg5 Rdb8 27. Qc7
Rxb5 28. Rd1 Rbb8 29. Qe5 1-0

[Event "XXVII C.to Italiano a squadre A1"]
[Site "ITA"]
[Date "1995.??.??"]
[Round "?"]
[White "Tassi, Oliviero"]
[Black "Micheli, Carlo"]
[Result "0-1"]
[WhiteElo "2305"]
[BlackElo "2295"]
[PlyCount "65"]
[EventDate "1995.01.25"]

1. e4 c5 2. Nf3 e6 3. d4 cxd4 4. Nxd4 a6 5. Nc3 Qc7 6. Be2 Nf6 7. O-O Be7 8.
Kh1 d6 9. f4 O-O 10. Bf3 Nbd7 11. Qe1 Re8 12. g4 Nb6 13. g5 Nfd7 14. Qg3 g6 15.
f5 Bf8 16. fxe6 fxe6 17. Bg2 Bg7 18. Nde2 Nc4 19. b3 Nce5 20. Be3 b5 21. a3 Rb8
22. Rad1 a5 23. Rd2 b4 24. axb4 axb4 25. Nd1 Nc5 26. Nf2 Bb7 27. Rfd1 Rbd8 28.
Nd4 Nf7 29. Qh3 Qe7 30. Qg4 d5 31. Nb5 Ne5 32. Qe2 Ba6 33. exd5 0-1

[Event "XXVII C.to Italiano a squadre A1"]
[Site "ITA"]
[Date "1995.??.??"]
[Round "?"]
[White "Tassi, Oliviero"]
[Black "Rigatti, Giorgio"]
[Result "1-0"]
[WhiteElo "2305"]
[BlackElo "1848"]
[PlyCount "81"]
[EventDate "1995.01.25"]

1. Nf3 Nf6 2. g3 g6 3. Bg2 Bg7 4. c4 c6 5. d3 d5 6. Nbd2 O-O 7. O-O Bg4 8. Qc2
Qc8 9. Rd1 Na6 10. Rb1 Nc7 11. b3 Na6 12. Ba3 Re8 13. e4 e5 14. cxd5 cxd5 15.
Rbc1 Bh6 16. Re1 dxe4 17. Qxc8 Raxc8 18. Rxc8 Rxc8 19. Nxe4 Nxe4 20. Rxe4 Bf5
21. Rxe5 Bg7 22. Re3 Bh6 23. Re1 Nc5 24. Ne5 b6 25. d4 Nd7 26. Nc6 Bf8 27. Bxf8
Kxf8 28. Nxa7 Rc2 29. a4 Rd2 30. Nb5 Nf6 31. Bf3 Bc2 32. Re3 Bd3 33. Nd6 Ba6
34. Ne4 Rb2 35. Kg2 Nxe4 36. Bxe4 Rd2 37. d5 f5 38. Bf3 g5 39. h3 Rb2 40. Re5
Bd3 41. d6 1-0

[Event "XXVII C.to Italiano a squadre A1"]
[Site "ITA"]
[Date "1995.??.??"]
[Round "?"]
[White "Tatai, Stefano"]
[Black "Belotti, Bruno"]
[Result "1/2-1/2"]
[WhiteElo "2430"]
[BlackElo "2405"]
[PlyCount "106"]
[EventDate "1995.01.25"]

1. e4 c5 2. Nf3 d6 3. d4 cxd4 4. Nxd4 Nf6 5. Nc3 a6 6. Bg5 e6 7. f4 Nc6 8. Qd2
h6 9. Bxf6 Qxf6 10. Nf3 Qd8 11. O-O-O Qc7 12. g4 Bd7 13. h4 O-O-O 14. Kb1 Kb8
15. Bd3 Bc8 16. Qg2 d5 17. e5 f6 18. Qg3 fxe5 19. Nxe5 Nxe5 20. fxe5 Bc5 21.
Ne2 Rhf8 22. Rhf1 Rxf1 23. Rxf1 Rf8 24. Rxf8 Bxf8 25. Nd4 Bc5 26. c3 Qf7 27. a3
Bb6 28. Ka2 Bc7 29. g5 hxg5 30. hxg5 Bd7 31. g6 Qe7 32. Bf1 Qe8 33. Bh3 Ka8 34.
Qg5 Ka7 35. Qg3 Ka8 36. Ka1 Qb8 37. Nf3 Qh8 38. Ng5 Qh5 39. Nf3 Kb8 40. Ka2 Ka8
41. Ka1 Qh6 42. Nd4 Qh5 43. Bxe6 Bxe5 44. Qd3 Qh1+ 45. Ka2 Be8 46. Bf7 Ba4 47.
Nf3 Bc2 48. Qxc2 Qxf3 49. Qb3 Qd3 50. Bxd5 Qb5 51. Qd1 Bf6 52. Qf3 Ka7 53. Qe4
Qb6 1/2-1/2

[Event "XXVII C.to Italiano a squadre A1"]
[Site "ITA"]
[Date "1995.??.??"]
[Round "?"]
[White "Tatai, Stefano"]
[Black "Corvi, Marco"]
[Result "1-0"]
[WhiteElo "2430"]
[BlackElo "2185"]
[PlyCount "63"]
[EventDate "1995.01.25"]

1. e4 Nf6 2. e5 Nd5 3. d4 d6 4. Nf3 Bg4 5. Be2 e6 6. c4 Nb6 7. exd6 cxd6 8. Nc3
Be7 9. h3 Bh5 10. O-O O-O 11. Be3 Nc6 12. d5 Bxf3 13. Bxf3 Ne5 14. dxe6 fxe6
15. Bg4 Rf6 16. b3 Nxg4 17. Qxg4 Qc8 18. Rac1 Qc6 19. Qe2 a6 20. f3 Rg6 21. Kh1
Nd7 22. Bd4 Rf8 23. Ne4 Bd8 24. Rfd1 Bc7 25. Bg1 Bb8 26. Bh2 e5 27. Nc3 Nc5 28.
Nd5 Rf7 29. f4 Nd7 30. Rc2 exf4 31. Ne7+ Rxe7 32. Qxe7 1-0